Statistiques concernant Les 10 langues les plus parlées au monde en 30 secondes.

Cliquez ici pour prendre le quiz!

Statistiques générales

  • Ce quiz a été pris 381 fois
  • Le résultat moyen est 5 sur 10

Statistiques - réponses

Non PersonnesLangue% Correct
11,132 milliardAnglais
95%
6279,8 millionsFrançais
94%
4534,3 millionsEspagnol
88%
21,116 milliardChinois mandarin
72%
5310 millionsArabe
59%
9234,1 millionsPortugais
46%
8258,2 millionsRusse
37%
3615,4 millionsHindi
36%
10198,7 millionsIndonésien
7%
7265 millionsBengali
5%

Distribution des résultats

Percentile par nombre de réponses

% des personnes avec chaque résultat

Votre développement - résultats

Vous n’avez pas pris ce quiz